000 00895nam a2200217 i 4500
001 163152
003 ES-MaACL
005 20250719062545.0
008 050711q1859 be |||| | fre d
245 0 1 _a[Règlement de la maison pénitentiaire cellulaire a Louvain].
260 _a[Bruxelles :
_bs.n.,
_c1859]
300 _a59 p. ;
_c24 cm.
594 _aTít. tomado de comienzo de texto.
596 _aReglamento fechado en 1859, en Bruselas.
650 4 _aEstablecimientos penitenciarios-
_zBélgica.
_9143325
852 _aES-MaACL
_jD-134(5)
_z- Enc. hol.
_z.- Donativo Lastres
_q- Ejemp. sin port.
_z- Enc. en un vol. facticio, formando parte de la col. facticia "Estudios penitenciarios", folletos, 1
903 _aLastres y Juiz, Francisco,
_d1848-1918
_q1
_ednr
_970504
942 _2udc
_cFOLLETOS
999 _c163152
_d163152